Macroscale and microscale organic experiments / (Record no. 5554)

MARC details
000 -LEADER
fixed length control field 00814cam a2200265 a 4500
001 - CONTROL NUMBER
control field 1673854
003 - CONTROL NUMBER IDENTIFIER
control field MUT
005 - DATE AND TIME OF LATEST TRANSACTION
control field 20240606080958.0
008 - FIXED-LENGTH DATA ELEMENTS--GENERAL INFORMATION
fixed length control field 990125s1999 maua f 001 0 eng
010 ## - LIBRARY OF CONGRESS CONTROL NUMBER
LC control number 98072094
020 ## - INTERNATIONAL STANDARD BOOK NUMBER
International Standard Book Number 0395902207
040 ## - CATALOGING SOURCE
Original cataloging agency DLC
Transcribing agency DLC
050 00 - LIBRARY OF CONGRESS CALL NUMBER
Classification number QD261
Item number .W54 1999
082 00 - DEWEY DECIMAL CLASSIFICATION NUMBER
Classification number 547/.0078
Edition information 21
100 1# - MAIN ENTRY--PERSONAL NAME
Personal name Williamson, Kenneth L.
245 10 - TITLE STATEMENT
Title Macroscale and microscale organic experiments /
250 ## - EDITION STATEMENT
Edition statement 3rd ed.
260 ## - PUBLICATION, DISTRIBUTION, ETC.
Place of publication, distribution, etc. Boston :
Name of publisher, distributor, etc. Houghton Mifflin,
Date of publication, distribution, etc. c1999.
300 ## - PHYSICAL DESCRIPTION
Extent xv, 799 p. :
Other physical details ill. ;
Dimensions 24 cm.
500 ## - GENERAL NOTE
General note Includes index.
650 #0 - SUBJECT ADDED ENTRY--TOPICAL TERM
Topical term or geographic name entry element Chemistry, Organic
Form subdivision Laboratory manuals.
906 ## - LOCAL DATA ELEMENT F, LDF (RLIN)
a 7
b cbc
c orignew
d 2
e opcn
f 19
g y-gencatlg
942 ## - ADDED ENTRY ELEMENTS (KOHA)
Source of classification or shelving scheme Library of Congress Classification
Koha item type Books
Holdings
Withdrawn status Lost status Source of classification or shelving scheme Damaged status Not for loan Home library Current library Date acquired Total checkouts Full call number Barcode Date last seen Price effective from Koha item type Shelving location Source of acquisition
    Library of Congress Classification     Murang'a University of Technology Library Murang'a University of Technology Library 17/02/2017   QD261 .W54 1999 005809 30/08/2024 17/02/2017 Books    
    Library of Congress Classification     Murang'a University of Technology Library Murang'a University of Technology Library 02/10/2019   QD261 .W54 1999 027461 30/08/2024 02/10/2019 Books General stacks Donation-TFC